00942nam a22002777a 45000010005000000030006000050050017000110080041000280200018000690400032000870500016001190820010001351000021001452450100001662500025002662600038002913000048003294900017003775050008003945200124004025210029005265210020005556500029005756500030006047000030006347067FISKH20250828131612.0250619b cb ||||| |||| 00| 0 eng d a9780753467077 aFISKH bengcFISKH dFISKH  a QH501 .W43 a571.8 aWeber, Belinda  aI wonder why caterpillars eat so much and other questions about life cycles /cBy Belinda Weber aFirst published 2006 aNew York : bKingfisher , c2012. a32 pages : bcolor illustrations ;c28 cm . aI wonder why aM  aInformation about the life cycles of various animals, plants, and insects is presented in a question and answer format.8 a530 bLexile estimate 8 aM bRaz-Plus  aExplanationvNon-fiction vLife cycles xNon-fiction aCamm, MartineIllustrator